| 000 | 00882nam a22002177a 4500 | ||
|---|---|---|---|
| 999 |
_c3079 _d3079 |
||
| 003 | AR-CdUCM | ||
| 008 | 190305b ||||| |||| 00| 0 spa d | ||
| 040 |
_aMUNICIPALIDAD PROVINCIAL DEL CUSCO _cBIBLIOTECA MUNICIPAL DEL CUSCO |
||
| 082 |
_a909.3 / _bG22 |
||
| 100 |
_aGarcía Morente, Manuel _910415 |
||
| 245 | _aSistema de los Estados Mundiales / | ||
| 260 |
_aMadrid : _bESPASA - CALPE , _c1936. |
||
| 300 |
_a738 páginas ; _c26.5 cm. |
||
| 505 | _aContenido: Historia de los Estados Anglosajones en el siglo XIX -- America del Centro y del Sur en el Siglo XIX -- El mundo Islamico en el siglo XIX -- Historia de Rusia desde comienzos del Siglo XVII -- La evoluicion Moderna del Asia Oriental... | ||
| 650 |
_aAnglosajón _910434 |
||
| 650 |
_aSiglo XIX _9971 |
||
| 650 |
_aAsia Oriental _91266 |
||
| 650 |
_aImperio Britanico _910435 |
||
| 942 |
_2ddc _cLIBROS |
||
| 945 | _artm | ||